Loading...
| Science - Other Science | 1 | 6 | 0 | 1 | 75 | 56 | 101.86 | 5 | 7 |
| Literature - Euro Lit | 1 | 5 | 0 | 1 | 65 | 57 | 97.33 | 5 | 6 |
| Literature - British Lit | 1 | 5 | 0 | 1 | 65 | 63 | 111.33 | 4 | 6 |
| Arts - Music | 0 | 5 | 0 | 2 | 50 | 88 | 116.00 | 2 | 5 |
| Arts - Painting | 2 | 2 | 0 | 1 | 50 | 70 | 101.00 | 3 | 4 |
| Literature - World Lit | 1 | 4 | 1 | 0 | 50 | 35 | 83.60 | 4 | 5 |
| Other - Other Academic | 2 | 2 | 0 | 0 | 50 | 28 | 64.50 | 3 | 4 |
| Science - Chemistry | 0 | 4 | 0 | 0 | 40 | 119 | 126.25 | 2 | 4 |
| Arts - Other Arts | 2 | 1 | 1 | 0 | 35 | 25 | 42.00 | 3 | 3 |
| Thought - Philosophy | 1 | 2 | 0 | 0 | 35 | 59 | 85.00 | 1 | 3 |
| History - American History | 0 | 3 | 0 | 0 | 30 | 86 | 107.67 | 1 | 3 |
| Science - Physics | 0 | 3 | 1 | 0 | 25 | 85 | 91.00 | 1 | 3 |
| History - Other History | 0 | 2 | 0 | 0 | 20 | 75 | 83.00 | 1 | 2 |
| Literature - American Lit | 0 | 2 | 0 | 0 | 20 | 95 | 113.50 | 1 | 2 |
| Science - Biology | 0 | 2 | 0 | 1 | 20 | 122 | 123.50 | 1 | 2 |
| History - Euro History | 0 | 2 | 0 | 0 | 20 | 97 | 108.00 | 0 | 2 |
| Other - Pop Culture | 1 | 0 | 0 | 0 | 15 | 15 | 15.00 | 1 | 1 |
| History - World History | 0 | 1 | 1 | 0 | 5 | 85 | 85.00 | 1 | 1 |